000 01894nam a22004931i 4500
001 vtls000947709
003 PNM
005 20221027152707.0
008 220103s2022 my oc e 000 0 may
015 _aM22-07149
020 _a9789672789048
_qhardback
_cRM192.00
020 _a9789672789130
_qset
039 9 _a202210121111
_bazra
_c202205261615
_dnorini
_c202201031217
_dalvian
040 _aBNM
_beng
_cBNM
_dPNM
_dPPAK
_erda
049 _aklpmal
082 0 4 _a297.09
_223
090 _a297.09
_bAMI
_dR
100 0 _aAmira Nadia Abd Latib
_eauthor.
245 1 0 _aALMANAK ISLAM = المناک إسلام :
_b"Menyelusuri Sejarah Islam Dalam Setiap Peringkat Zaman": JAMADILAWWAL /
_cNAMA PENULIS: AMIRA NADIA BINTI ABD LATIB & MAHIRAH MUYASSARAH BINTI MAHMUD, Ady Fazlee Bin Mahad, Noorjehan Binti Mahmod ; Editor: 3 Pearl I Resources
246 3 8 _aAlmanak islam :
_bjamadilawwal
250 _aEDISI PERTAMA
264 1 _aBatu Caves, Selangor :
_b3 pearl i resources,
_c[2022?]
300 _a76 pages :
_bcolour photographs, colour portraits ;
_c26 cm.
336 _atext
_2rdacontent
336 _astill image
_2rdacontent
337 _aunmediated
_2rdamedia
338 _avolume
_2rdacarrier
490 1 _aALMANAK ISLAM
500 _aContains verses from the al-Quran and quotes from the Hadith.
504 _aBibliography: pages 60-76
650 1 0 _aIslamic almanacs
_xHistory
650 2 0 _aIslamic calendar
650 2 0 _aIslam
_xHistory
700 0 _aMahirah Muyassarah Mahmud,
_eauthor.
700 0 _aNoorjehan Mahmod,
_eauthor.
700 0 _aAdy Fazlee Mahad,
_eauthor.
710 2 _a3 Pearl I Resources
_eeditor.
830 0 _aAlmanak islam
942 _2ddc
_cB
949 _61001451092
_e2777820
_s3712:20221012
949 _61001451091
_e2777819
_s3712:20221012
949 _61001451090
_e2777818
_s3712:20221012
949 _61001451089
_e2777817
_s3712:20221012
999 _c189679
_d189679